000 00763nam a22002777a 4500
001 0015648
003 KOHA_MİRAKIL
005 20260207002037.0
007 ta
008 100326b1971 tu |||gr||||#0|||0|tur |
040 _aTR-BiSEU
_btur
_cTR-BiSEU
_erda
041 0 _atur
044 _ctu
050 _aDR403
_b.K67 1971
100 1 _aKoray, Enver.
245 1 _aTürkiye Tarih Yayınları Bibliografyası II :
_b1955-1968/
_cEnver Koray ; Enver Koray.
264 1 _aİstanbul :
_bMilli Eğitim
_c1971
300 _a510 sayfa; 21 cm.
336 _ametin
_btxt
_2rdacontent
337 _aaracısız
_bn
_2rdamedia
338 _acilt
_bnc
_2rdacarrier
650 0 _aTarih.
_91474
650 0 _aHistory.
_914353
907 _aTarih
942 _2lcc
_cBK
999 _c15610
_d15610